Green home building : (Record no. 355756)
[ view plain ]
| 000 -LEADER | |
|---|---|
| fixed length control field | 01488cam a22003857i 4500 |
| 001 - CONTROL NUMBER | |
| control field | 18391909 |
| 003 - CONTROL NUMBER IDENTIFIER | |
| control field | USPCAS-E |
| 005 - DATE AND TIME OF LATEST TRANSACTION | |
| control field | 20180118181412.0 |
| 008 - FIXED-LENGTH DATA ELEMENTS--GENERAL INFORMATION | |
| fixed length control field | 141202s2014 bcca b 001 0 eng |
| 010 ## - LIBRARY OF CONGRESS CONTROL NUMBER | |
| LC control number | 2014486004 |
| 020 ## - INTERNATIONAL STANDARD BOOK NUMBER | |
| International Standard Book Number | 9780865717794 (pbk.) |
| 020 ## - INTERNATIONAL STANDARD BOOK NUMBER | |
| International Standard Book Number | 9781550925739 (ebook) |
| 035 ## - SYSTEM CONTROL NUMBER | |
| System control number | (OCoLC)ocn870289223 |
| 040 ## - CATALOGING SOURCE | |
| Original cataloging agency | NLC |
| Language of cataloging | eng |
| Transcribing agency | NLC |
| Description conventions | rda |
| Modifying agency | BTCTA |
| -- | BDX |
| -- | YDXCP |
| -- | OCLCO |
| -- | CLE |
| -- | CDX |
| -- | DLC |
| 042 ## - AUTHENTICATION CODE | |
| Authentication code | lccopycat |
| 050 00 - LIBRARY OF CONGRESS CALL NUMBER | |
| Classification number | TH4860 |
| Item number | .C66 2014 |
| 082 04 - DEWEY DECIMAL CLASSIFICATION NUMBER | |
| Classification number | 728.047 |
| Edition number | 23 |
| Author Mark | COO-G 2014 |
| 100 1# - MAIN ENTRY--PERSONAL NAME | |
| Personal name | Cook, Miki, |
| Relator term | author. |
| 245 10 - TITLE STATEMENT | |
| Title | Green home building : |
| Remainder of title | money-saving strategies for an affordable, healthy, high-performance home / |
| Statement of responsibility, etc. | Miki Cook & Doug Garrett. |
| 260 ## - PUBLICATION, DISTRIBUTION, ETC. | |
| Place of publication, distribution, etc. | Island |
| Name of publisher, distributor, etc. | New society publisher |
| Date of publication, distribution, etc. | c2014 |
| 300 ## - PHYSICAL DESCRIPTION | |
| Extent | xiii, 417 pages : |
| Other physical details | illustrations ; |
| Dimensions | 23 cm |
| 502 ## - DISSERTATION NOTE | |
| Dissertation note | 0 |
| 504 ## - BIBLIOGRAPHY, ETC. NOTE | |
| Bibliography, etc. note | Includes bibliographical references (pages 389-403) and index. |
| 530 ## - ADDITIONAL PHYSICAL FORM AVAILABLE NOTE | |
| Additional physical form available note | Issued also in electronic format. |
| 650 #0 - SUBJECT ADDED ENTRY--TOPICAL TERM | |
| Topical term or geographic name entry element | Ecological houses |
| General subdivision | Design and construction. |
| 650 #0 - SUBJECT ADDED ENTRY--TOPICAL TERM | |
| Topical term or geographic name entry element | Ecological houses |
| General subdivision | Economic aspects. |
| 650 #0 - SUBJECT ADDED ENTRY--TOPICAL TERM | |
| Topical term or geographic name entry element | House construction |
| General subdivision | Environmental aspects. |
| 650 #0 - SUBJECT ADDED ENTRY--TOPICAL TERM | |
| Topical term or geographic name entry element | Dwellings |
| General subdivision | Energy conservation. |
| 650 #0 - SUBJECT ADDED ENTRY--TOPICAL TERM | |
| Topical term or geographic name entry element | Sustainable architecture. |
| 700 1# - ADDED ENTRY--PERSONAL NAME | |
| Personal name | Garrett, Doug |
| Titles and other words associated with a name | (Building consultant), |
| Relator term | author. |
| 776 1# - ADDITIONAL PHYSICAL FORM ENTRY | |
| Main entry heading | Cook, Miki, author. |
| Title | Green home building. |
| Record control number | (CaOONL)20149030894 |
| 906 ## - LOCAL DATA ELEMENT F, LDF (RLIN) | |
| a | 7 |
| b | cbc |
| c | copycat |
| d | 3 |
| e | ncip |
| f | 20 |
| g | y-gencatlg |
| 942 ## - ADDED ENTRY ELEMENTS (KOHA) | |
| Source of classification or shelving scheme | |
| Koha item type | Book |
| Withdrawn status | Lost status | Source of classification or shelving scheme | Damaged status | Not for loan | Collection code | Permanent Location | Current Location | Shelving location | Date acquired | Source of acquisition | Cost, normal purchase price | Total Checkouts | Full call number | Barcode | Date last seen | Price effective from | Koha item type | Copy number |
|---|---|---|---|---|---|---|---|---|---|---|---|---|---|---|---|---|---|---|
| US-Pakistan Center for Advanced Studies in Energy (USPCAS-E) | US-Pakistan Center for Advanced Studies in Energy (USPCAS-E) | 12/15/2015 | Prog | 2613.00 | 728.047 COO-G 2014 | CAS-E0000888 | 12/15/2015 | 12/15/2015 | Book | |||||||||
| US-Pakistan Center for Advanced Studies in Energy (USPCAS-E) | US-Pakistan Center for Advanced Studies in Energy (USPCAS-E) | 12/15/2015 | Prog | 2613.00 | 728.047 COO-G 2014 | CAS-E0000889 | 12/15/2015 | 12/15/2015 | Book | 2 |
